| 000 | 01169cam a2200301 a 4500 | ||
|---|---|---|---|
| 001 | 17803893 | ||
| 005 | 20150513154919.0 | ||
| 008 | 130708t2014 flua frb 001 0 eng d | ||
| 020 | _a9781466589315 (alk. paper) | ||
| 040 |
_aDLC _beng _cDLC _dDLC _dEG-ScBUE |
||
| 041 | 1 |
_aeng _hpol |
|
| 082 | 0 | 0 |
_a621.31042 _222 _bTUR |
| 100 | 1 |
_aTurowski, J. _938000 |
|
| 240 | 1 | 0 |
_aElektrodynamika techniczna. _lEnglish |
| 245 | 1 | 0 |
_aEngineering electrodynamics : _belectric machine, transformer, and power equipment design / _cJanusz Turowski, Marek Turowski. |
| 260 |
_aBoca Raton : _bCRC Press / Taylor & Francis Group, _cc.2014. |
||
| 300 |
_axxxi, 536 p. : _bill. ; _c24 cm. |
||
| 500 | _aIndex : p. 525-536. | ||
| 504 | _aBibliography : p. 507-523. | ||
| 650 | 7 |
_aElectric machinery. _2BUEsh _96121 |
|
| 650 | 7 |
_aElectrodynamics. _2BUEsh _99061 |
|
| 653 |
_bENGGEN _cMay2015 |
||
| 655 |
_vreading book _934232 |
||
| 700 | 1 |
_aTurowski, Marek. _938001 |
|
| 906 |
_a7 _bcbc _corignew _d1 _eecip _f20 _gy-gencatlg |
||
| 942 | _2ddc | ||
| 999 |
_c19352 _d19324 |
||